A-Z Bible Characters - Statistics

General Stats
  • This quiz has been taken 158 times
    151 since last reset
  • The average score is 14 of 26
Answer Stats
# Hint Name % Correct
W N/A N/A
100%
A The first man created Adam
99%
C The first murderer Cain
92%
J Betrayed Jesus for 30 pieces of silver Judas Iscariot
88%
G Was a 9-foot tall giant Goliath
85%
H The king who tried to kill all Hebrew babies under the age of two Herod
79%
T The "doubting disciple" Thomas
78%
L Was ressurected by Jesus from the dead in John 11 Lazarus
77%
R The wife of Boaz and the daughter-in-law of Naomi Ruth
73%
P Was blinded on the road to Damascus (original name Saul) Paul
72%
I Son of Abraham and Hagar Ishmael
61%
M Lived for 969 years Methuselah
60%
S One of Noah's three sons on the ark Shem
56%
D Sat under a tree; was a wise woman Deborah
49%
B He has a talking donkey Balaam
45%
X Otherwise known as Ahasuerus Xerxes
42%
V The first wife of Ahasuerus Vashti
35%
O The first son of Boaz Obed
34%
N Healed his leprosy by washing himself in the Jordan River Naaman
32%
Z The short tax collector Zacchaeus
31%
K Rebelled against Moses in Numbers 16:1-40; was swallowed up by the earth Korah
29%
F 4th Roman procurator of Judea Province in 52–60 Felix
22%
E He was a fat king; he was assassinated by Ehud Eglon
16%
Y The tetragrammaton YHWH
16%
U Died when he touched the Ark of the Covenant to keep it from falling Uzzah
11%
Q A Christian in Corinth who sent his greetings to his brethren in Rome in Romans 16 Quartus
6%
No matching quizzes found
Score Distribution
Percent of People with Each Score
Percentile by Number Answered
Your Score History
You have not taken this quiz since the last reset